000 00688nam a2200205 i 4500
001 44208
003 ES-MaACL
005 20230906160958.0
007 t|
008 030320s1946 sp ||||1| spa d
245 0 0 _aCiegos célebres.
260 _aMasnou, Barcelona :
_bLaboratorios del Norte de España,
_c1946.
300 _a57 p. :
_bil. ;
_c21 cm.
490 1 _aColección de publicaciones médicas histórico-artísticas ;
_v16
650 4 _aCiegos-
_xBiografías.
_9158146
710 2 _aLaboratorios del Norte de España.
_95476
830 1 _aColección de publicaciones médicas histórico-artísticas ;
_v16
_9182835
852 _aES-MaACL
_j1890-F-5
999 _c44208
_d44208